000 00369cam a2200145ua 4500
041 _aeng
_h
082 _a823.308
_bORW/DO
100 _aOrwell, George .
245 _aDown and out in Paris and London /
_cGeorge Orwell.
_hTextual Documents
260 _aBellomore :
_bPenguin Books ,
_c1963.
300 _a188 ; .
504 _a
942 _cBK
999 _c7792
_d7792